|
|
|
|
| LEADER |
00000nam0a2200000 4500 |
| 001 |
126144 |
| 005 |
20231031131735.0 |
| 020 |
|
|
|a RU
|b 88-74422
|
| 035 |
|
|
|a (RuTPU)RU\TPU\book\136474
|
| 090 |
|
|
|a 126144
|
| 100 |
|
|
|a 20071124d1988 k a0rusy5003 ca
|
| 101 |
0 |
|
|a rus
|
| 102 |
|
|
|a RU
|
| 105 |
|
|
|a af z 001zy
|
| 200 |
1 |
|
|a Тектоника, палеогидрогеология и полезные ископаемые палеозоя Южного Предуралья
|f К. А. Маврин
|
| 210 |
|
|
|a Саратов
|c Изд-во Сарат. ун-та
|d 1988
|
| 215 |
|
|
|a 218,[1] с.
|c ил.
|e 1 вкл. лист
|
| 320 |
|
|
|a Библиогр.: с. 186-217.
|
| 610 |
1 |
|
|a тектоника
|
| 610 |
1 |
|
|a палеогидрогеология
|
| 610 |
1 |
|
|a полезные ископаемые
|
| 610 |
1 |
|
|a палеозой
|
| 675 |
|
|
|a 551.24
|v 3
|
| 700 |
|
1 |
|a Маврин
|b К. А.
|g Константин Алексеевич
|
| 801 |
|
0 |
|a RU
|b RuMRKP
|c 19950417
|g psbo
|
| 801 |
|
1 |
|a RU
|b 63413507
|c 20071124
|g PSBO
|
| 801 |
|
2 |
|a RU
|b 63413507
|c 20080929
|g PSBO
|
| 942 |
|
|
|c BK
|